LEADER 00570nas a2200169 i 4500 001 000000129487 003 CaOOAMICUS 005 20190708101326.0 008 040929b xx uu u0 0und r 013 $a102220 040 $aSeMil$bita 245 10$a[Annate 1950-1979]. 773 0 $tArchiv für Liturgiewissenschaft.$dRegensburg : Friedrich Pustet, 1950.$x0066-6386$w()1898 850 $aSeMil 852 $aSeMil$W1$xVenegono$y1$m154 1 1-26$j83603$B83603$CSeMilBibl$Z2$F86844 $82 996 $6245$a[Annate 1950-1979]$9(OLS)http://semarc/title/424350 LEADER 00680nam a2200193 i 4500 001 000000019358 003 CaOOAMICUS 005 20230228154937.0 008 180830s1990 it u000 u ita u 040 $aSeMil$bita 100 1 $aConrad, Joseph,$d<1857-1924>.$0(OLS)http://semarc/name/8193 245 10$aOpere /$cJoseph Conrad. 260 $aMilano :$bBompiani,$c1990. 300 $av. ;$c18 cm. 774 0 $tRomanzi e racconti.$kClassici Bompiani$z88-452-1619-5$w()36493 830 0$aClassici Bompiani.$0(OLS)http://semarc/title/11379 996 $6245$aOpere$9(OLS)http://semarc/title/2208 996 $6260$aMilano :$bBompiani$9(OLS)http://semarc/publisher/29706